Effect of oil drenchon growth and rumen ecosystem of local cattle fed rice straw and cassava foliage, ប្រសិទ្ធភាពនៃការបញ្រកប្រេងរុក្ខជាតិ​ លើការលូតលាស់ និងអេកូស៊ីស្ពែមពោះធំ របស់គោក្នុងស្រុកដែលស៊ីចំបើងនឹងស្លឹកដំឡូងមី (Record no. 1937)

000 -LEADER
fixed length control field 00801nam a22001577a 4500
003 - CONTROL NUMBER IDENTIFIER
control field OSt
005 - DATE AND TIME OF LATEST TRANSACTION
control field 20151005150244.0
008 - FIXED-LENGTH DATA ELEMENTS--GENERAL INFORMATION
fixed length control field 151005b xxu||||| |||| 00| 0 eng d
040 ## - CATALOGING SOURCE
Transcribing agency RUA
082 ## - DEWEY DECIMAL CLASSIFICATION NUMBER
Classification number AVM YOU 2001 B072 Or.1
100 ## - MAIN ENTRY--PERSONAL NAME
9 (RLIN) 2051
Personal name YOURNG, SETHA.
245 ## - TITLE STATEMENT
Title Effect of oil drenchon growth and rumen ecosystem of local cattle fed rice straw and cassava foliage, ប្រសិទ្ធភាពនៃការបញ្រកប្រេងរុក្ខជាតិ​ លើការលូតលាស់ និងអេកូស៊ីស្ពែមពោះធំ របស់គោក្នុងស្រុកដែលស៊ីចំបើងនឹងស្លឹកដំឡូងមី
260 ## - PUBLICATION, DISTRIBUTION, ETC. (IMPRINT)
Place of publication, distribution, etc. Phnom Penh
Name of publisher, distributor, etc. RUA
Date of publication, distribution, etc. 2001
300 ## - PHYSICAL DESCRIPTION
Extent vii; 41p.
Other physical details ill.
Dimensions 29cm.
942 ## - ADDED ENTRY ELEMENTS (KOHA)
Source of classification or shelving scheme
Koha item type AVM
Holdings
Price effective from Date last seen Permanent Location Not for loan Date acquired Source of classification or shelving scheme Koha item type Barcode Lost status Damaged status Shelving location Withdrawn status Current Location Full call number
2015-10-052015-10-05Library Block B 2015-10-05 AVMrua017270  B072 Library Block BAVM YOU 2001 B072 Or.1
2015-10-052017-07-26Library Block B 2015-10-05 AVMRUA017273  B072 Library Block BAVM YOU 2001 B072 Or.2
2015-10-052015-10-05Library Block B 2015-10-05 AVMRUA017215  B072 Library Block BAVM YOU 2001 B072 Or.3
2015-10-052015-10-05Library Block B 2015-10-05 AVMRUA017058  B072 Library Block BAVM YOU 2001 B072 Or.4
មជ្ឈមណ្ឌលឯការនៃសាកលវិទ្យាល័យភូមិន្ទកសិកម្មចំការដូង

Powered by Koha